| 000 | 00488nam a2200181Ia 4500 | ||
|---|---|---|---|
| 001 | 5145 | ||
| 005 | 20260306145846.0 | ||
| 008 | 260306t1953||||xx |||||||||||||| ||spa|| | ||
| 041 | _aESP | ||
| 082 |
_a334.1098 _bR68 |
||
| 100 |
_aRivera Santos, Luis, _eAUT |
||
| 245 | 0 | _aManual para la organización de proyectos piloto de ayuda propia y ayuda mutua en vivienda | |
| 260 | _c1953 | ||
| 300 |
_a108 pƔginas : _c25 cm. |
||
| 650 | _aGEN | ||
| 654 | _aCAN | ||
| 942 |
_cLIB _dJUS _fJUS _2ddc _n |
||
| 999 |
_c5145 _d5145 |
||